000 00291nam a22001337a 4500
008 170306b xxu||||| |||| 00| 0 eng d
020 _a0721628176
041 _aeng
080 _25 ED
_a575
100 _a6
101 _aSHM
245 _aGENETICS IN MEDICINE
_cTHOMPSON.M
942 _2udc
_cBK
999 _c6805
_d6805